000 00364nam a2200133Ia 4500
008 220204s9999 xx 000 0 und d
082 _a575:631.52
_bPLA.3
100 _aJanick, Jules
245 0 _aPlant breeding reviews. Vol.3
260 _aUSA
_bAVI Publishing Company
_c1985
650 _aProtoplast fusion
650 _aUS plant quarantine system
942 _cBK
999 _c42650
_d42650